Thinking philosophically an introduction to critical reflection and rational dialogue
Includes bibliographical references and index.
Đã lưu trong:
| 主要作者: | |
|---|---|
| 格式: | 圖書 |
| 語言: | Undetermined |
| 出版: |
Malden, Mass.
Blackwell Publishers
2001
|
| 主題: | |
| 在線閱讀: | http://lrc.tdmu.edu.vn/opac/search/detail.asp?aID=2&ID=16697 |
| 標簽: |
添加標簽
沒有標簽, 成為第一個標記此記錄!
|
| Thư viện lưu trữ: | Trung tâm Học liệu Trường Đại học Thủ Dầu Một |
|---|
| LEADER | 00754nam a2200217Ia 4500 | ||
|---|---|---|---|
| 001 | TDMU_16697 | ||
| 008 | 210410s9999 xx 000 0 und d | ||
| 082 | |a 100 | ||
| 090 | |b CR201 | ||
| 100 | |a Creel, Richard E | ||
| 245 | 0 | |a Thinking philosophically | |
| 245 | 3 | |b an introduction to critical reflection and rational dialogue | |
| 245 | 0 | |c Richard E. Creel | |
| 260 | |a Malden, Mass. | ||
| 260 | |b Blackwell Publishers | ||
| 260 | |c 2001 | ||
| 300 | |a xv, 342 p. | ||
| 520 | |a Includes bibliographical references and index. | ||
| 650 | |a Philosophy |v Introductions.; Triết học |v Giới thiệu | ||
| 856 | |u http://lrc.tdmu.edu.vn/opac/search/detail.asp?aID=2&ID=16697 | ||
| 980 | |a Trung tâm Học liệu Trường Đại học Thủ Dầu Một | ||